|
|
|
|
| LEADER |
00000nam a2200000 a 4500 |
| 001 |
vtls008954793 |
| 003 |
SK-MaSNL |
| 005 |
20260302075655.0 |
| 008 |
240313s2006 xo g 000 j slo |
| 015 |
|
|
|a SNBA2007/06-02209
|
| 020 |
|
|
|a 8080642672
|q (viaz.)
|
| 035 |
|
|
|a E69DBC80-4D88-49DB-8AD3-130F637BF6DE
|
| 035 |
|
|
|a urn:nbn:sk:snk-aml33c
|
| 035 |
|
|
|a urn:nbn:sk:snk-am008lbw
|
| 040 |
|
|
|a SNK
|b slo
|c SNK
|e AACR2
|
| 041 |
0 |
|
|a slo
|
| 044 |
|
|
|a xo
|c SK
|
| 072 |
|
7 |
|a 821.162.4-3
|x Slovenská próza
|2 konspekt
|
| 080 |
|
|
|a 821.162.4-32
|2 2001
|
| 080 |
|
|
|a (0:82-32)
|2 2001
|
| 100 |
1 |
|
|a Hrubý, Ladislav,
|d 1957-
|4 aut
|9 101111
|
| 245 |
1 |
0 |
|a Legendy o samote
|c Ladislav Hrubý
|
| 250 |
|
|
|a [1. vyd.]
|
| 260 |
|
|
|a Žilina
|b Knižné centrum
|c 2006
|
| 300 |
|
|
|a 91 s.
|c 21 cm
|
| 655 |
|
7 |
|a slovenské novely
|2 SNKPH
|9 70570
|
| 919 |
|
|
|a 80-8064-267-2
|
| 958 |
|
|
|a OND
|
| 958 |
|
|
|a LX
|
| 968 |
|
|
|d 821
|
| 999 |
|
|
|c 1170139
|d 1172069
|
| 952 |
|
|
|a SNK
|b SNK
|y PREZ
|7 0
|p 17A0544347
|o snkSC 127100
|i snk2007/7035
|8 0
|0 0
|1 0
|4 0
|d 2007-03-13
|f 1
|l 0
|r 2025-06-16 00:00:00
|w 2026-02-24
|
| 952 |
|
|
|a SNK
|b SNK
|y PREZ
|7 0
|p 17A0544348
|o snkSC 127100 D1
|i snk2007/7036
|8 0
|0 0
|1 0
|4 0
|d 2007-03-13
|l 0
|r 2026-02-24 21:01:23
|w 2026-02-24
|